000 00217nam a22000977a 4500
999 _c15825
_d15825
003 OSt
008 191022b ||||| |||| 00| 0 eng d
100 _aVivekanandan,G
_94333
245 _aUlkandayude Nimisham
942 _cBK